|
|
|
|
| LEADER |
00000nas a2200000 a 4500 |
| 001 |
ssj0006495 |
| 003 |
WaSeSS |
| 005 |
20200512172242.0 |
| 006 |
m d |
| 007 |
cr n |
| 008 |
011209c19699999enkqr pss 0 a0eng c |
| 010 |
|
|
|a 2007215269
|
| 015 |
|
|
|a GBB5H9139
|2 bnb
|
| 016 |
7 |
|
|a 017664268
|2 Uk
|
| 022 |
|
|
|a 1940-1302
|l 0036-8121
|y 0036-8121
|
| 035 |
|
|
|a (WaSeSS)ssj0006495
|
| 037 |
|
|
|b Heldref Publications, 1319 Eighteenth St., N.W., Washington, DC 20036-1806
|
| 040 |
|
|
|a HNK
|b eng
|c HNK
|d OCLCQ
|d NSD
|d AZU
|d LGG
|d OCLCQ
|d COO
|d OCLCO
|d OCLCF
|d OCLCO
|d OCLCQ
|d NLE
|d OCLCA
|d UKMGB
|d VT2
|d DLC
|d OCLCQ
|d WaSeSS
|
| 042 |
|
|
|a pcc
|a nsdp
|
| 050 |
0 |
0 |
|a Q181.A1
|
| 082 |
1 |
0 |
|a 507
|2 14
|
| 130 |
0 |
|
|a Science activities (Online)
|
| 222 |
|
0 |
|a Science activities
|b (Online)
|
| 245 |
1 |
0 |
|a Science activities
|h [electronic resource].
|
| 260 |
|
|
|a Washington, DC :
|b Heldref Publications
|
| 260 |
3 |
|
|3 2010- :
|a [Abingdon] :
|b Taylor & Francis
|
| 310 |
|
|
|a Quarterly
|
| 362 |
1 |
|
|a Print began in 1969.
|
| 500 |
|
|
|a "Projects and curriculum ideas in STEM classrooms."
|
| 506 |
|
|
|a License restrictions may limit access.
|
| 515 |
|
|
|a Some nos. combined.
|
| 538 |
|
|
|a Mode of access: World Wide Web.
|
| 588 |
|
|
|a Description based on: Vol. 33, iss. 3 (fall 1996); title from title information screen (viewed Oct. 22, 2001).
|
| 588 |
|
|
|a Latest issue consulted: Vol. 55, nos. 3/4 (2018) (Taylor & Francis website, viewed May 31, 2019).
|
| 650 |
|
0 |
|a Science
|x Study and teaching
|v Periodicals.
|
| 650 |
|
0 |
|a Science
|x Study and teaching (Elementary)
|v Periodicals.
|
| 650 |
|
0 |
|a Science
|x Study and teaching (Secondary)
|v Periodicals.
|
| 650 |
|
7 |
|a Science
|x Study and teaching.
|2 fast
|0 (OCoLC)fst01108387
|
| 650 |
|
7 |
|a Science
|x Study and teaching (Elementary)
|2 fast
|0 (OCoLC)fst01108436
|
| 650 |
|
7 |
|a Science
|x Study and teaching (Secondary)
|2 fast
|0 (OCoLC)fst01108482
|
| 655 |
|
0 |
|a Electronic journals.
|
| 776 |
1 |
|
|t Science activities
|x 0036-8121
|w (DLC) 70220048
|w (OCoLC)1781192
|
| 850 |
|
|
|a DLC
|
| 856 |
4 |
0 |
|z Full text available from Research Library: 10/01/1996 to 10/31/2010
|u https://search.proquest.com/publication/35290
|